| Tag |
First Indicator |
Second Indicator |
Subfields |
| LEADER |
00000cam a2200000 a 4500 |
| 001 |
in00000008630 |
| 005 |
20151003080010.0 |
| 008 |
861215s1987 njua b 00110 eng |
| 010 |
|
|
|a 86030567
|
| 020 |
|
|
|a 0691077347 (alk. paper) :
|c $45.00
|
| 035 |
|
|
|a (OCoLC)15054553
|
| 035 |
|
|
|9 AAA1027AM
|
| 040 |
|
|
|a DLC
|c DLC
|d TXA
|d UtOrBLW
|
| 043 |
|
|
|a e-fr---
|
| 050 |
0 |
0 |
|a HD9743.F82
|b K64 1987
|
| 082 |
0 |
|
|a 338.4/76234/0944
|2 19
|
| 100 |
1 |
|
|a Kolodziej, Edward A.
|
| 245 |
1 |
0 |
|a Making and marketing arms :
|b the French experience and its implications for the international system /
|c Edward A. Kolodziej.
|
| 264 |
|
1 |
|a Princeton, N.J. :
|b Princeton University Press,
|c [1987]
|
| 264 |
|
4 |
|c ©1987
|
| 300 |
|
|
|a xxv, 518 pages :
|b illustrations ;
|c 25 cm.
|
| 336 |
|
|
|a text
|b txt
|2 rdacontent
|
| 337 |
|
|
|a unmediated
|b n
|2 rdamedia
|
| 338 |
|
|
|a volume
|b nc
|2 rdacarrier
|
| 504 |
|
|
|a Includes bibliographies and index.
|
| 650 |
|
0 |
|a Weapons industry
|z France.
|
| 650 |
|
0 |
|a Arms transfers
|z France.
|
| 650 |
|
0 |
|a Military assistance, French.
|
| 650 |
|
0 |
|a World politics
|y 1945-1989.
|
| 999 |
|
|
|a MARS
|
| 999 |
f |
f |
|s 0a7668d7-6f85-301e-8e5a-61f51990c263
|i 11c6434d-045e-336c-8d98-93a280220bc7
|t 0
|
| 952 |
f |
f |
|p ric
|a Texas A&M University
|b Rellis Campus
|c Joint Library Facility
|d Remote Storage
|t 0
|e HD9743.F82 K64 1987
|h Library of Congress classification
|i unmediated -- volume
|m A14812630444
|
| 998 |
f |
f |
|a HD9743.F82 K64 1987
|t 0
|l Remote Storage
|